[Event "Igualada"]
[Site "Igualada"]
[Date "2005.08.23"]
[Round "6"]
[White "Kortschnoj, Viktor Lvovich"]
[Black "McShane, Luke J"]
[Result "0-1"]
[WhiteElo "2615"]
[BlackElo "2625"]
[Annotator "Krasenkow,M"]
[PlyCount "112"]
[EventDate "2005.08.17"]
[EventType "tourn"]
[EventRounds "6"]
[EventCountry "ESP"]
[EventCategory "16"]
[SourceTitle "CBM 109"]
[Source "ChessBase"]
[SourceDate "2005.11.14"]
[SourceVersion "1"]
[SourceVersionDate "2005.11.14"]
[SourceQuality "1"]

1. d4 Nf6 2. c4 g6 3. Nc3 d5 4. cxd5 Nxd5 5. Bd2 Bg7 6. e4 Nb6 7. Be3 O-O 8. f4
Nc6 9. d5 Nb8 {A rare move, instead of the normal} (9... Na5) 10. Bd4 {This
move is not dangerous for Black.} (10. a4 {is crucial to gain space on the
queenside. So far White has been doing well:} c6 (10... e5 11. f5 $1 (11. fxe5
$6 Bxe5 12. Nf3 Bg4 (12... Bxc3+ $1 13. bxc3 Re8 14. Qd4 f5 $1 15. Bd3 $8 fxe4
16. Bxe4 c5 $17 {L.Ftacnik}) 13. Qd2 Bxf3 14. gxf3 c6 15. a5 Nc8 16. Bc4 Nd6
17. Bb3 Nd7 18. dxc6 bxc6 19. O-O Rb8 20. Ba2 $14 {0-1 Gheorghiu,F-Ftacnik,L/
Palma de Mallorca 1989/TD (60)}) (11. a5 N6d7 (11... exf4 $5 12. Bxf4 (12. axb6
fxe3 13. Rxa7 Bxc3+ 14. bxc3 Qh4+ 15. g3 Qf6) 12... N6d7 13. Nf3 {L.Ftacnik})
12. Nf3 (12. f5 $1) 12... Qe7 13. Bd3 (13. Be2 $5 exf4 14. Bxf4 Qc5 $6 15. Qd2
Re8 16. Be3 Qe7 17. Rc1 {1-0 Steiner,H-Di Camillo,A/New York 1946/EXT 99 (48)})
13... exf4 14. Bxf4 Ne5 15. Nxe5 Bxe5 16. Bxe5 Qxe5 17. O-O Nd7 18. Rc1 Qd4+
19. Kh1 Ne5 $13 {1/2-1/2 Pilnick,C-Reshevsky,S/New York 1942/EXT 2003 (92)})
11... gxf5 12. a5 N6d7 (12... f4 $2 13. axb6 $1 fxe3 14. Rxa7) 13. exf5 e4 14.
Nge2 Ne5 (14... Nf6 {[%cal Oc8f5,Ce3c5,Cc5f8,Yc7c6] needs examination}) 15. Ng3
Qh4 16. Be2 (16. Ncxe4 $5 Re8 17. Be2 {[%cal Cc8f5,Re3g5]}) 16... Bxf5 17. O-O
Bg6 18. Nf5 Bxf5 19. Rxf5 Qe7 20. Ra4 Nbd7 21. Rxe4 Rae8 $16 22. Bb5 $6 a6 23.
Bxd7 Qxd7 24. Qh5 Ng6 {1/2-1/2 Foisor,O-Stohl,I/Leipzig 1986/EXT 97}) 11. a5
N6d7 12. e5 $1 (12. Bd4 cxd5 13. Bxg7 Kxg7 14. exd5 Nf6 15. Nf3 Bg4 16. Be2 Qd6
17. Ra4 Na6 18. O-O Nb4 19. Qd4 Nbxd5 20. Nb5 Qe6 {1/2-1/2 Rodriguez,
A-Fernandez Garcia,J/Spain 1992/EXT 98}) (12. Nf3 Nf6 13. Ne5 cxd5 14. exd5
Nbd7 $132 {1/2-1/2 Blazquez Gomez,J-Garcia,J/Lleida 1991/EXT 97 (31)}) 12...
cxd5 13. Qxd5 Nc6 14. h4 (14. Nf3 Ndb8 15. Qxd8 Rxd8 16. Bc4 Na6 17. Ng5 Rf8
18. O-O h6 19. Nge4 Rd8 20. h3 Bd7 21. Rfd1 Be8 22. Nd5 Nab4 23. Nxb4 Rxd1+ 24.
Rxd1 Nxb4 25. Bc5 Nc6 26. b4 Bf8 27. Bd5 Rc8 28. e6 b6 29. axb6 axb6 30. b5
bxc5 31. exf7+ Bxf7 32. Bxc6 c4 $132 {1/2-1/2 Moskalenko,V-Tseshkovsky,V/
Balassagyarmat 1990/EXT 97 (50)}) 14... e6 15. Qd6 f6 $5 (15... Re8 16. Nf3 Bf8
17. Qd1 Nc5 (17... Bb4 18. h5 Qc7 19. hxg6 hxg6 20. Kf2 Ne7 21. Ng5 Bxc3 22.
bxc3 Nf5 23. Qf3 $40 {1-0 Meessen,R-Timofeev,A/Eupen 1999/EXT 2000 (37)}) 18.
h5 Qxd1+ 19. Rxd1 Nb3 20. Ne4 Be7 21. hxg6 hxg6 22. Nfg5 $16 {1-0 Seredenko,
V-Kachur,A/Aktjubinsk 1985/MCD (29)}) 16. h5 fxe5 17. hxg6 Nf6 18. fxe5 Qxd6
19. gxh7+ Kh8 20. exd6 Ng4 21. Bg5 Nd4 22. Ra4 (22. Rc1 $5) 22... Bd7 23. Rc4
Rf5 24. Nh3 $16 {0-1 Meessen,R-Golod,V/Panormo 2001/CBM 084 ext (37)}) (10. Nf3
$6 {is harmless:} Bg4 (10... e6 $5 11. dxe6 Bxe6 12. e5 Qe7 {0-1 Gabriel,
R-Dutschak,H/Germany 1992/GER-chT2 (55)}) (10... c6 11. Qb3 cxd5 12. Nxd5 Nxd5
13. exd5 Nd7 14. Be2 Qa5+ 15. Bd2 Qb6 $132 {0-1 Euwe,M-Reshevsky,S/Holland
1938/HCL (56)}) 11. h3 Bxf3 12. Qxf3 c6 13. Bxb6 Qxb6 14. O-O-O cxd5 15. Rxd5
Nc6 16. e5 Rac8 $36 {1/2-1/2 Gilfer,E-Teschner,R/Helsinki 1952/MCD (73)}) 10...
Bh6 $5 {A new, sharp idea.} (10... Bxd4 {is quite playable:} 11. Qxd4 c6 12.
Nf3 (12. O-O-O cxd5 13. exd5 N8d7 14. g4 Nf6 15. h3 Bd7 16. Rh2 Rc8 17. Rc2 Qc7
18. d6 Qxd6 19. Qxd6 exd6 20. Rxd6 Rfe8 $11 {1/2-1/2 Van der Wal,J-Peelen,P/
Leeuwarden 1993/TD (42)}) 12... cxd5 13. exd5 N8d7 (13... e6 14. dxe6 Bxe6 15.
Qxd8 Rxd8 16. Be2 Nc6 17. O-O Nd4 18. Nxd4 Rxd4 19. Rad1 Rad8 $11 {1/2-1/2
Chekhover,V-Lisitsin,G/Moscow 1936/EXT 2004 (40)}) (13... Bg4 14. Be2 Na6 15.
h3 Bxf3 16. Bxf3 Nc8 17. O-O-O Nd6 $11 {1-0 Olariu,D-Istrati,V/Deva 1999/EXT
2004 (37)}) 14. Be2 Nf6 15. Rd1 e6 16. dxe6 Bxe6 17. O-O Qxd4+ 18. Rxd4 Nfd5
$11 {1-0 Ungureanu,E-Ftacnik,L/Bucharest 1978/MCD (76)}) ({Also} 10... e5 $5 {
is possible:} 11. Bxe5 Bxe5 12. fxe5 Re8 13. Nf3 Bg4 14. Qd4 Bxf3 15. gxf3 Qh4+
16. Qf2 Qf4 17. Bg2 Nc4 (17... N8d7 $142) 18. O-O Nd7 19. Ne2 Qxe5 20. b3 Ncb6
21. f4 Qb2 22. e5 Nf6 23. Rfb1 Qd2 24. Rd1 Qb2 25. Rdb1 Qd2 26. Rd1 Qb2 {
1/2-1/2 Pytel,K-Tomaszewski,R/Lodz 1980/MCL}) 11. Qf3 c6 12. h4 {This attempt
to refute 10...Bh6 fails as White's development is not enough for such actions.
} (12. Rd1 $5) 12... cxd5 13. exd5 e5 $3 {[%mdl 544] An amazing demonstration
of the general rule: meet a flank attack with a counterblow in the centre!} 14.
Bxe5 (14. fxe5 {is met by} Nc6 $1 15. Bxb6 Qxb6 16. dxc6 Qxb2 {threatening
mate on d2 - that's why not 13...Nc6?} 17. Rd1 Bg4 $1 $19) 14... N8d7 15. Bd4 {
Without this bishop the white position will be ruined.} Nf6 16. O-O-O ({If} 16.
h5 {then} Re8+ 17. Nge2 g5 $1 {gives Black an excellent position.}) 16... Qd6 {
[%cal Rc8g4]} 17. Bxf6 Qxf6 (17... Bxf4+ 18. Kb1 Qxf6 {was possible, too, but
Black, instead of recapturing the pawn, prefers to put his bishop on the long
diagonal, which gives him a strong attack against the white king.}) 18. g3 Bg7
19. Rh2 (19. h5 $142 {not allowing Black's next move.}) 19... h5 $1 {White's
blockaded pawns can now be weak in an eventual endgame.} 20. Bh3 (20. Ne4 Qd8
21. Bh3 Nc4 22. Rc2 Qb6 $1) 20... Nc4 21. Kb1 {Black now seizes an important
e-file but} (21. Re2 {didn't help:} Bxh3 (21... Bg4 $5 22. Bxg4 hxg4 23. Qd3
Rac8) 22. Nxh3 Rac8 $40) 21... Re8 22. Qd3 Qa6 23. Bxc8 Raxc8 24. Re2 Rxe2 25.
Ngxe2 Qb6 26. b3 Na3+ 27. Kb2 Nb5 28. Rc1 Qc5 29. d6 Nxc3 $2 {Missing an
immediate win:} (29... Re8 $1 {[%cal Re8e2]} 30. d7 Rxe2+ 31. Qxe2 Bxc3+ 32.
Kc2 Na3+ $19) 30. Nxc3 Rd8 31. d7 Qc6 32. Kb1 Rxd7 33. Qe4 Rc7 (33... Qd6 {
was desirable as in the middlegame Black has a decisive advantage as the white
king is very bad. Apparently, Black didn't like} 34. Rd1 Qf6 $1 35. Qe8+ (35.
Rxd7 $143 Qxc3 36. Qe2 Qa1+ 37. Kc2 Qxa2+ 38. Kd1 Qxb3+ 39. Qc2 Qxg3 40. Qc8+
Bf8 41. Rd8 Qb3+ 42. Ke2 Qb4) 35... Kh7 36. Qxd7 Qxc3 37. Rd2 Qa1+ 38. Kc2
Qxa2+ 39. Kd1 Qxb3+ 40. Ke2 Qxg3 $140 41. Qxf7 {and he appears to have nothing
better than a perpetual check.}) 34. Qxc6 Rxc6 {So, by great efforts White has
managed to liquidate into an endgame. However, Black keeps a serious advantage
as the bishop is stronger than the knight in such open positions, with pawns
on both sides; besides, White's kingside pawns, fixed on the squares of the
black bishop, become a serious weakness - a consequence of the wise 19...h5
move!} 35. Nd5 (35. Ne4 Rxc1+ 36. Kxc1 f5 {[%cal Of5e4,Ce4d6,Cd6b7,Yg7d4]})
35... Rxc1+ 36. Kxc1 {[%mdl 4096]} Bd4 37. Kd2 Kf8 (37... Bf2 {is premature
due to} 38. Nf6+ Kf8 39. Ne4) 38. Ne3 {Going to the pawn endgame is a risky
business for White as Black has three pawns on the 7th rank (and can choose
between a single and double move, to set up a zugzwang for White) - a point
indicated by William Steinitz in the 19th century! However, a cenralised king
secures him a draw in this case..} Ke7 39. Kd3 Bc5 (39... Bxe3 40. Kxe3 Kf6 (
40... Ke6 41. Ke4 b5 42. b4 a6 $6 43. f5+ gxf5+ 44. Kf4 Kf6 45. a3) 41. Ke4 Ke6
42. b4 b5 {(otherwise 43.a4 etc.)} 43. Kd4 Kf5 44. Kc5 $1 Kg4 45. Kxb5 Kxg3 46.
Ka6 $11) 40. Ke4 Kf6 41. Nc4 Ke6 42. Na5 ({Now} 42. Ne3 $2 {is losing as the
black king is active enough:} Bxe3 43. Kxe3 Kf5 (43... Kd5 $143 $2 44. f5 $1)
44. Kf3 a5 45. a4 b6 46. Ke3 Kg4 47. Kf2 Kh3 48. Kf3 f5 $19) (42. a4 f5+ 43.
Kf3 Kd5 $19) 42... f5+ {White's king can't both control the centre and protect
his kingside pawns.} 43. Kf3 b5 44. Nc6 Kd5 $1 {The right decision. The black
king goes to the queenside to collect the white pawns. White captures the g6
pawn but has neither time nor possibility to create his own passed pawn.} 45.
Ne5 Kd4 46. Nxg6 Kc3 47. Ne5 a5 48. Ke2 Bb6 49. Nc6 (49. Nd3 Ba7 $22 $19 {
An amazing position. White is a pawn up but totally lost!}) 49... Kb2 50. b4 a4
51. Kd3 Kxa2 52. Kc2 {This defense is equally unsuccessful.} Ka3 53. Ne7 (53.
Kc3 Bf2 {[%cal Rf2g3,Rf2e1]}) 53... Kxb4 54. Nxf5 a3 55. g4 (55. Ne7 Ka4 56.
Nd5 Bd4 57. Nc3+ Bxc3 58. Kxc3 b4+ 59. Kc2 b3+ 60. Kc3 b2 61. Kc2 Kb4 $22 $19)
55... hxg4 56. h5 g3 $1 {If 57.Nxg3 then 57...Bd4. An instructive endgame.} 0-1

[Event "Bad Homburg"]
[Site "Bad Homburg"]
[Date "1998.07.20"]
[Round "4"]
[White "Kortschnoj, Viktor Lvovich"]
[Black "Svidler, Peter"]
[Result "1/2-1/2"]
[WhiteElo "2625"]
[BlackElo "2690"]
[Annotator "Kortschnoj"]
[PlyCount "65"]
[EventDate "1998.07.17"]
[EventType "tourn"]
[EventRounds "9"]
[EventCountry "GER"]
[EventCategory "13"]
[SourceTitle "CBM 066"]
[Source "ChessBase"]
[SourceDate "1998.09.30"]
[SourceVersion "1"]
[SourceVersionDate "1998.09.30"]
[SourceQuality "1"]

1. d4 {Ftacnik Epishin} Nf6 2. c4 g6 3. Nc3 d5 4. cxd5 Nxd5 5. Bd2 Bg7 (5...
Nb6) 6. e4 Nb6 7. Be3 O-O 8. Be2 Nc6 9. Nf3 Bg4 10. d5 (10. e5 $5) 10... Bxf3
11. gxf3 (11. Bxf3 $5 Ne5 12. Be2 c6 13. Qb3 $14) 11... Ne5 (11... Nb8 {Ftacnik
} 12. Qb3 c6 13. Rd1 Qc8 14. h4 h5 15. a4 cxd5 16. a5 Bxc3+ 17. bxc3 Nc4 18.
Bh6 Rd8 19. Rxd5 Rxd5 20. exd5 Nd6 21. c4 Nd7 22. Qc3 Nf5 23. Bc1 Nc5 24. Bb2 {
1-0 Buhr,C-Prosch,C/DLM/1995/ (48)}) (11... Na5 {Ftacnik} 12. Bd4 Qd6 (12... e5
13. Bc5 Re8 14. Bb5 c6 15. dxc6 bxc6 16. Ba6 Bf8 17. Bxf8 Rxf8 18. Qxd8 Raxd8
19. Rd1 Rd4 20. Ke2 {Soppe,G-Malisauskas,V/Erevan olm/1996/1-0 (74)}) 13. Nb5
Qb4+ 14. Qd2 Qxd2+ 15. Kxd2 c6 16. Bxg7 Kxg7 17. dxc6 Nxc6 18. Rhd1 f5 19. Ke1
Rac8 20. Nd4 Kf6 21. a4 a5 22. Nxc6 Rxc6 23. b4 axb4 24. Rdb1 {Shabtai,R-Jansa,
V/Gausdal Int/1995/1-0 (69)}) 12. Qb3 (12. Bd4 {Ftacnik} c5 (12... e6 13. f4
Ned7 14. Bxg7 Kxg7 15. Qd4+ (15. dxe6 fxe6 $17 {><f4}) 15... Qf6 16. O-O-O (16.
e5 Qh4 $17 {><f4}) (16. Qxf6+ Nxf6 17. Bf3 exd5 18. e5 Nfd7 19. Nxd5 Nxd5 20.
Bxd5 c6 21. Bb3 Nc5 $15) 16... exd5 17. Nxd5 (17. exd5 Qxd4 18. Rxd4 Nf6 19.
Bf3 Rad8 20. Rhd1 Rd6 21. Na4 $1 $132) 17... Nxd5 18. exd5 Rad8 19. Bf3 Rfe8
20. Rd3 Nb6 21. Rhd1 Rd6 22. Kc2 c5 23. Qxf6+ Rxf6 {0-1 Tyrtania,M-Lagunow,A/
Berliner Sommer/1994/ (29)}) 13. Bxc5 Rc8 14. Bd4 Rc4 15. Bxc4 Nbxc4 16. Kf1
Qc8 17. Kg2 Nxb2 18. Qd2 Nec4 19. Qc2 Bxd4 20. Rac1 a6 21. a4 Qc5 22. Qb3 Nd3 {
1/2-1/2 Akhsharumova,A-London,D/New York op/1987/}) 12... c6 (12... Qc8 {
Ftacnik} 13. h4 h5 14. O-O-O c6 15. Kb1 Ned7 16. d6 Qe8 17. Rhg1 Kh7 18. f4 Rd8
19. e5 exd6 20. Rxd6 Nc8 21. Rdd1 Ncb6 22. Rg3 Qe7 23. Rdg1 Rg8 24. Ne4 Kh8 25.
Bxh5 Nxe5 26. fxe5 gxh5 27. Ng5 Rgf8 28. Bxb6 {1-0 Boensch,U-Gyorkos,L/
Szekszard op/1989/}) 13. O-O-O (13. f4 Ned7 14. dxc6 bxc6 15. Rd1 e5 $5 (15...
e6 16. h4 $14 (16. h4 {Ftacnik} Qe7 17. h5 Rab8 18. hxg6 hxg6 19. Qc2 Rfd8 20.
Kf1 Nf6 21. Kg2 Rxd1 22. Rxd1 Rd8 23. Qb3 Rxd1 24. Bxd1 {Hausrath,D-Mohandesi,
S/BEL-chT9697/1997/1-0 (54)}))) 13... cxd5 (13... Qc7 {Ftacnik} 14. Kb1 Ned7
15. h4 cxd5 16. Nxd5 Nxd5 17. Rxd5 b6 18. h5 Nc5 19. Qc4 e6 20. Rg5 Rac8 21.
hxg6 hxg6 22. e5 Rfd8 23. Qh4 Nd3 {0-1 Shabtai,R-Honfi,K/Budapest FS09 IM-A/
1994/ (33)}) 14. Nxd5 Nxd5 15. Rxd5 Qc7+ (15... Qc8+ {Ftacnik} 16. Kb1 Qh3 (
16... e6 17. Rc5 Qd7 18. Rd1 Qe7 19. Rdc1 Nc6 $11) 17. Bd4 Qg2 18. Rc1 Qxh2 19.
Qc3 f6 20. Qb3 Nf7 21. Qxb7 Bh6 22. Rd1 Rfe8 23. Rd7 Rab8 24. Qxa7 Bf8 25. Qc7
{1-0 Wilhelmi,C-Honfi,K/Budapest FS03 IM-B 1995/EXT 95 (31)}) 16. Kb1 Nc6 17.
f4 $13 e5 (17... e6 $5) (17... e6 {Epishin} 18. Rc5 (18. Rd3 {Ftacnik} Rfd8 $11
) 18... Rfd8 19. e5 $14) 18. fxe5 (18. f5 {Ftacnik} Nd4 19. Bxd4 exd4 20. fxg6
hxg6 21. h4 Rad8 $11) 18... Bxe5 (18... Nxe5 {Ftacnik} 19. f4 Nc6 20. h4 $14)
19. h4 Rfd8 (19... Rad8 20. Rhd1 Qe7 21. Bc5 Qxh4 22. Bxf8 Qxe4+ 23. Qd3 Qxd3+
24. R5xd3 Rxf8 25. Rd7 $16) (19... Qe7 $1 $13) 20. Bc4 $1 (20. h5 {Ftacnik} Nd4
$1 21. Bxd4 Bxd4 22. hxg6 hxg6 $14) 20... b5 $1 {Ftacnik: Very interesting
move, black understands problems he will be facing with passive defence.
Surprising sacrifice tries to open the b file against white king.} (20... Na5
21. Rxa5 Qxa5 22. Bxf7+ Kh8 23. Bd5 $44 (23. h5 $16 {Epishin}) (23. h5 $16 {
Ftacnik})) (20... Nd4 {Epishin} 21. Bxd4 (21. Qd3 {Ftacnik} Nc6 22. h5 Rxd5 23.
exd5 $16) 21... Bxd4 22. Rd1 (22. h5 $2 Qf4 $11) 22... Rxd5 (22... b5 23. Rxd8+
Rxd8 24. Bd5 Bf6 25. h5 $14) 23. Bxd5 Bf6 24. h5 $14) 21. Rxb5 (21. Rxd8+ $142
$5 Rxd8 22. Bd5 Na5 23. Qa3 Nc4 24. Qxa7 Nxe3 25. Qxc7 Bxc7 26. fxe3 $14) (21.
Bxb5 {Epishin} Nd4 22. Bxd4 Bxd4 $11) (21. Qxb5 $2 {Ftacnik} Rdb8 $1 $19) 21...
Rab8 22. Rc1 $1 (22. f4 Nd4 $1 $44) (22. h5 {Ftacnik} Nd4 $2 23. Bxf7+ $1 Kf8 (
23... Qxf7 24. Qxf7+ Kxf7 25. Rxe5 $18) 24. Bxd4 Bxd4 25. Bc4 $18) 22... a6 23.
Bb6 (23. Rb6 $6 Na5 24. Qb4 Nxc4 25. Rxc4 Rxb6 26. Bxb6 Rd1+ 27. Kc2 Qd7 28.
Rc8+ Qxc8+ 29. Kxd1 Qg4+ $15) 23... Qd7 (23... axb5 $2 {Epishin} 24. Bxc7 bxc4
25. Qxb8 Rxb8 26. Bxb8 $18 (26. Bxb8 {Ftacnik} Nxb8 27. Rxc4 $16)) 24. Rd5 (24.
Bxd8 axb5 25. Bxb5 Qxd8 26. Rxc6 Qxh4 27. f3 Rd8 (27... Qg5 $1 {Epishin} 28. a4
h5 $13) 28. a4 Rd2 29. Rc2 Qh1+ 30. Ka2 Rd1 (30... Rxc2 31. Qxc2 Qxf3 32. Qc6
Kg7 33. Qd5 $14) 31. Qe3 h5 $44) 24... Qg4 {Ftacnik: Svidler has managed to
stop white's attack and gain serious chances in counterplay.} (24... Qe7 $5 25.
Bxd8 Rxb3 26. Bxe7 Rxb2+ $11) 25. f3 (25. Rxd8+ {Epishin} Nxd8 26. f3 Qxh4 27.
a4 (27. Rd1 {Ftacnik} Bf6 28. Bxa6 (28. Rxd8+ Rxd8 29. Bxd8 Qe1+ 30. Kc2 Qf2+
31. Kd1 Bxd8 32. Bxf7+ Kg7 $11) 28... Nc6 $132) 27... Bd4 28. Bxd4 Rxb3 29.
Bxb3 h5 30. Rc8 Kh7 $13) 25... Qxh4 26. Bxd8 (26. Rc5 $2 {Epishin} Rd2 27. Rxc6
(27. Bxf7+ Kg7 28. R5c2 Rxc2 29. Rxc2 Nd4 30. Bxd4 Rxb3 31. Bxe5+ Kxf7 32. axb3
Qh1+ 33. Ka2 Qxf3 $19) 27... Rxb2+ 28. Qxb2 Bxb2 29. Kxb2 Qf2+ (29... Rxb6+ {
Ftacnik} 30. Rxb6 Qf2+ $19)) (26. Rxd8+ {Epishin} Nxd8 (26... Nxd8 {Ftacnik}
27. Rd1)) 26... Rxb3 (26... Nxd8 27. Rxe5 Rxb3 28. Bxb3 $14) 27. Bxb3 (27. Bxh4
{Ftacnik} Rxb2+ 28. Ka1 Rc2+ 29. Kb1 (29. Rxe5 Rxc1+ 30. Kb2 Rxc4 31. Re8+ Kg7
$17) 29... Rb2+ 30. Ka1 $11) 27... Qf2 {Ftacnik: This move in effect forces a
drawing combination, the optional 27...Nxd8 was more fighting, but also more
dangerous.} (27... Nxd8 $5 {Ftacnik} 28. Rxe5 Kg7 29. Rd5 (29. Rec5 h5 30. Rd1
Ne6 31. Bxe6 fxe6 $13) 29... Ne6 30. Rd7 Ng5 31. Rc3 h5 $36) 28. Rxe5 (28. Rc2
{Ftacnik} Qf1+ 29. Rc1 Qe2 30. Rc2 $11) 28... Nxe5 29. Bf6 Nd7 30. Rc8+ Nf8 31.
Be7 Qf1+ 32. Kc2 Qe2+ 33. Kc1 (33. Kc3 $4 Qxf3+ 34. Kd4 Qf2+ 35. Kd5 Qd2+ 36.
Kc6 (36. Kc5 {Ftacnik} Qe3+ 37. Kd5 Qd2+ $11) 36... Qd7+ $19) 1/2-1/2